| Tag |
First Indicator |
Second Indicator |
Subfields |
| LEADER |
00000nam a2200000Ia 4500 |
| 001 |
in00004303321 |
| 005 |
20200810085628.0 |
| 006 |
m g d |
| 007 |
cr bn |||a|bb| |
| 008 |
870501s1687 enk o 00| | eng d |
| 035 |
|
|
|a (OCoLC)15619394
|
| 040 |
|
|
|a EAJ
|c EAJ
|d WaOLN
|
| 037 |
|
|
|a CL0037000038
|b ProQuest Information and Learning. 300 N. Zeeb Rd., Ann Arbor, MI 48106
|
| 090 |
|
|
|a BX4819
|b .K44
|
| 049 |
|
|
|a EAJA
|
| 100 |
1 |
|
|a Kellison, Matthew.
|
| 245 |
1 |
4 |
|a The touch-stone of the reformed Gospel :
|b wherein sundry chief heads and tenets of the Protestant doctrin (objected by them commonly against the Catholics) are briefly refuted, by the express texts of the Protestants own Bible, set forth and approved by the Church of England : with the ancient fathers judgements thereon, in confirmation of the Catholic doctrin.
|
| 250 |
|
|
|a The last edition more correct.
|
| 260 |
|
|
|a London :
|b Printed by Henry Hills ...,
|c 1687.
|
| 300 |
|
|
|a 1 online resource ([8], 98, [2] pages)
|
| 336 |
|
|
|a text
|b txt
|2 rdacontent
|
| 337 |
|
|
|a computer
|b c
|2 rdamedia
|
| 338 |
|
|
|a online resource
|b cr
|2 rdacarrier
|
| 500 |
|
|
|a Reproduction of original in Cambridge University Library.
|
| 500 |
|
|
|a Attributed to Matthew Kellison. compare NUC pre-1956.
|
| 500 |
|
|
|a First published in 1623 as The gagge of the reformed Gospel.
|
| 500 |
|
|
|a Table of contents: pages [2]-[4] at end.
|
| 510 |
4 |
|
|a Wing
|c K245
|
| 533 |
|
|
|a Electronic reproduction.
|b Ann Arbor, Mich. :
|c UMI,
|d 1999-
|f (Early English books online)
|n Digital version of: (Early English books, 1641-1700 ; 1151:11)
|7 s1999 miun s
|
| 650 |
|
0 |
|a Protestantism
|v Controversial literature.
|
| 740 |
0 |
|
|a Touch stone of the reformed Gospel.
|
| 740 |
0 |
|
|a Gagge of the reformed Gospel.
|
| 830 |
|
0 |
|a Early English books online.
|
| 856 |
4 |
0 |
|u http://proxy.library.tamu.edu/login?url=https://search.proquest.com/docview/2240941890
|z Connect to the full text of this electronic book
|t 0
|
| 999 |
f |
f |
|s 830ac763-407b-3b54-bc67-bd9d9ed371b5
|i 2298f7ca-009b-35c0-9d65-a118aba44634
|t 0
|
| 952 |
f |
f |
|a Texas A&M University
|b College Station
|c Electronic Resources
|d Available Online
|t 0
|e BX4819 .K44
|h Library of Congress classification
|
| 998 |
f |
f |
|a BX4819 .K44
|t 0
|l Available Online
|